Agenda informativa : las mujeres en los espacios de toma de decisión /

Guardat en:
Dades bibliogràfiques
Altres autors: Tapia, Elena (dirección) (dirección)
Format: Llibre
Idioma:espanyol
Publicat: México : Consorcio para el Diálogo Parlamentario y la Equidad, 2000
Matèries:
Etiquetes: Afegir etiqueta
Sense etiquetes, Sigues el primer a etiquetar aquest registre!

MARC

LEADER 00000nam^a2200000^a^4500
001 000395483
005 20250526000000.0
009 20260310121404.11
037 |a Acervo ITESO - Biblioteca 
041 |a ESP 
082 |a 305. 4205  |b AGE V. 13 
245 1 0 |a Agenda informativa :  |b las mujeres en los espacios de toma de decisión /  |c Dir. de E. Tapia. 
264 1 |a México :  |b Consorcio para el Diálogo Parlamentario y la Equidad,  |c 2000 
300 |a 16 p. ;  |c 27.0 cm. 
336 |a texto  |b txt  |2 rdacontenido 
337 |a sin mediación  |b n  |2 rdamedio 
338 |a volumen  |b nc  |2 rdasoporte 
649 |a XX 
650 |a Mujeres -  |z México (Ciudad) -  |x Condiciones Políticas -  |x Tema Principal 
650 |a Mujeres -  |z México -  |x Condiciones Políticas 
650 |a Asociaciones Civiles -  |z México 
650 |a Organizaciones No Gubernamentales -  |z México 
650 |a Identidad de Género -  |z México 
650 |a Género -  |z México 
650 |a Antropología Cultural 
650 |a Política -  |z México (Ciudad) -  |x Historia -  |y 1994-2000 
650 |a Política -  |z México -  |x Historia -  |y 1994-2000 
650 |a Publicaciones Periódicas Mexicanas 
740 0 |a Agenda informativa :  |b No. 13, julio-agosto de 2000 /  |c Dir. de E. Tapia. 
700 |a Tapia, Elena  |e (dirección) 
910 |a Fondo Carlos Núñez Hurtado 
920 |a Impresos - Libros 
930 |a Libros Antiguos y Raros 
905 |a 108 
901 |a 0500290814  |b IT2  |c LRA  |i D81534  |u 20250526 
902 |a https://opac.biblio.iteso.mx/vufind/Record/000395483